1654 1308 1348 1610 1851 1949 1976 1132 1023 1741 1015 1294 1910 1067 1330 1405 1966 1058 1792 1960 1045 1899 1863 1664 1024 1645 1455 1481 1604 1753 1356 1918 1872 1634 1644 1306 1502 1710 1235 1251 1779 1300 1835 1600 1330 1373 1511 1006 1265 1046 1234 1600 1556 1101 1684 1051 1247 1696 1133 1521 1648 1149 1184 1542 1798 1360 1940 1769 1269 1287 1221 1415 1690 1551 1406 1287 1967 1213 1594 1601 1342 1423 1920 1778 1061 1140 1403 1752 1666 1917 1376 1127 1641 1494 1095 1625 1054 1720 1240 BCNSPRNW ULIB Ver.6.0+V

เปลี่ยนเป็นภาษาไทย

Change to English
 แสดงรายละเอียดบรรณานุกรม
  กลับหน้าหลัก

Brief Record : Get Marc (ISO 2709) : E-mail record : QR code < ปิดหน้าต่าง
LEADER : 00000nam 2200000uu 4500
001    13399108556
003     ULIB
008    110308s2544||||th 000 0 tha d
020    9748839079
060  4 QV767^bว445ต 2544
100 0  วัลยา ภู่ภิญโญ
245 00 ต้นไม้ ผักหญ้า อาหารและสมุนไพร/^cวัลยา ภู่ภิญโญ
250    พิมพ์ครั้งที่ 1
260    กรุงเทพฯ:^bเคล็ดไทย,^c2544
300    234 หน้า:^bภาพประกอบ
650  7 ผลไม้
650  7 ผัก
650  7 อาหาร
945    ^p228^l0^i019368
995    ทศพร
999 ^a ใช้งานได้ทุกระบบ
รายการนี้ยังไม่มีแท็ก
คุณยังไม่ได้ล็อกอิน คุณสามารถมีกิจกรรมร่วมกับเว็บไซต์ได้ แต่ต้องล็อกอินก่อน ::
  ล็อกอิน

รายการสื่อสารสนเทศ

ลำดับที่ ประเภท เลขเรียก/บาร์โค้ด สถานที่ สถานะ
- ไม่พบข้อมูล -

รายการใกล้เคียง
    หัวเรื่อง [ผลไม้]
    หัวเรื่อง [ผัก]
    หัวเรื่อง [อาหาร]

BibComment


ยังไม่เคยถูกคอมเมนท์

คอมเมนท์ทรัพยากรรายการนี้
  คอมเมนท์: ต้นไม้ ผักหญ้า อา..


 Copyright 2026. Bcnsprnw @Library